Tintin et le Grand Trombinoscope - Clic Quiz - Statistiques

Statistiques générales
  • Ce quiz a été pris 4 441 fois
  • Le résultat moyen est 41 sur 100
Statistiques - réponses
Hint Extra Hint Réponse % Correct
Milou Cliquez sur le bon personnage
98%
Capitaine Haddock Cliquez sur le bon personnage
97%
Tintin Cliquez sur le bon personnage
96%
Professeur Tournesol Cliquez sur le bon personnage
95%
Bianca Castafiore Cliquez sur le bon personnage
95%
Dupont Cliquez sur le bon personnage
86%
Nestor Cliquez sur le bon personnage
78%
Roberto Rastapopoulos Cliquez sur le bon personnage
73%
Abdallah Cliquez sur le bon personnage
71%
Tchang Tchong-Jen Cliquez sur le bon personnage
70%
Rackham le Rouge Cliquez sur le bon personnage
70%
François de Hadoque Cliquez sur le bon personnage
68%
Séraphin Lampion Cliquez sur le bon personnage
65%
Dupond Cliquez sur le bon personnage
64%
Le yéti Cliquez sur le bon personnage
63%
Général Alcazar Cliquez sur le bon personnage
62%
Allan Thompson Cliquez sur le bon personnage
61%
Rascar Capac Cliquez sur le bon personnage
61%
Coco Cliquez sur le bon personnage
60%
Oliveira da Figueira Cliquez sur le bon personnage
57%
Docteur Müller Cliquez sur le bon personnage
56%
Cheikh Bab El Ehr Cliquez sur le bon personnage
56%
Madame Yamilah Cliquez sur le bon personnage
55%
Zorrino Cliquez sur le bon personnage
55%
Peggy Alcazar Cliquez sur le bon personnage
53%
Maharadjah de Rawhajpoutalah Cliquez sur le bon personnage
52%
Irma Cliquez sur le bon personnage
52%
Piotr Szut Cliquez sur le bon personnage
51%
Laszlo Carreidas Cliquez sur le bon personnage
50%
Mitsuhirato Cliquez sur le bon personnage
50%
Mohammed Ben Kalish Ezab Cliquez sur le bon personnage
49%
Muskar XII Cliquez sur le bon personnage
46%
Mme Clairmont Cliquez sur le bon personnage
46%
Général Tapioca Cliquez sur le bon personnage
45%
Philippulus le Prophète Cliquez sur le bon personnage
45%
Taupe-au-regard-perçant Cliquez sur le bon personnage
45%
Mme Pinson Cliquez sur le bon personnage
44%
Omar Ben Salaad Cliquez sur le bon personnage
43%
Grand Précieux Cliquez sur le bon personnage
41%
Colonel Sponsz Cliquez sur le bon personnage
41%
Hippolyte Bergamotte Cliquez sur le bon personnage
40%
Monsieur Sanzot Cliquez sur le bon personnage
39%
Frank Wolff Cliquez sur le bon personnage
39%
Ranko Cliquez sur le bon personnage
39%
Tharkey Cliquez sur le bon personnage
38%
Al Capone Cliquez sur le bon personnage
38%
Maxime Loiseau Cliquez sur le bon personnage
37%
Colonel Boris Jorgen Cliquez sur le bon personnage
37%
Philémon Siclone Cliquez sur le bon personnage
36%
Matéo Cliquez sur le bon personnage
35%
Igor Wagner Cliquez sur le bon personnage
35%
Docteur Rotule Cliquez sur le bon personnage
34%
Didi Cliquez sur le bon personnage
34%
Ivan Ivanovitch Sakharine Cliquez sur le bon personnage
34%
Pablo Cliquez sur le bon personnage
33%
Muganga Cliquez sur le bon personnage
33%
Miarka Cliquez sur le bon personnage
33%
Nestor Halambique Cliquez sur le bon personnage
32%
Spalding Cliquez sur le bon personnage
32%
Colonel Alvarez Cliquez sur le bon personnage
32%
Chiquito Cliquez sur le bon personnage
31%
Colonel Diaz Cliquez sur le bon personnage
31%
Foudre Bénie Cliquez sur le bon personnage
30%
Arturo Benedetto Giovanni Giuseppe Pietro Archangelo Alfredo Cartoffoli di Milano Cliquez sur le bon personnage
30%
Baxter Cliquez sur le bon personnage
29%
Wang Jen-Ghié Cliquez sur le bon personnage
29%
Aïcha Cliquez sur le bon personnage
29%
Alfredo Topolino Cliquez sur le bon personnage
28%
Bunji Kuraki Cliquez sur le bon personnage
27%
Isidore Boullu Cliquez sur le bon personnage
27%
Hippolyte Calys Cliquez sur le bon personnage
27%
Bobby Smiles Cliquez sur le bon personnage
27%
Cipaçalouvishni Cliquez sur le bon personnage
27%
Huascar Cliquez sur le bon personnage
26%
Martine Vandezande Cliquez sur le bon personnage
26%
Docteur Krollspell Cliquez sur le bon personnage
25%
Chester Cliquez sur le bon personnage
25%
Barnabé Cliquez sur le bon personnage
24%
Aristide Filoselle Cliquez sur le bon personnage
24%
Maréchal Plekszy-Gladz Cliquez sur le bon personnage
24%
Paul Cantonneau Cliquez sur le bon personnage
24%
Ramon Bada Cliquez sur le bon personnage
23%
Ridgewell Cliquez sur le bon personnage
23%
Mik Ezdanitoff Cliquez sur le bon personnage
22%
Jean-Loup de La Batellerie Cliquez sur le bon personnage
22%
Erik Björgenskjöld Cliquez sur le bon personnage
21%
Lieutenant Delcourt Cliquez sur le bon personnage
21%
Tom Cliquez sur le bon personnage
20%
Bohlwinkel Cliquez sur le bon personnage
20%
Endaddine Akass Cliquez sur le bon personnage
20%
J. M. Dawson Cliquez sur le bon personnage
19%
Gino Cliquez sur le bon personnage
19%
Alonzo Perez Cliquez sur le bon personnage
19%
Basil Bazaroff Cliquez sur le bon personnage
18%
Walter Rizotto Cliquez sur le bon personnage
18%
Wronzoff Cliquez sur le bon personnage
16%
Czarlitz Cliquez sur le bon personnage
16%
R. W. Chicklet Cliquez sur le bon personnage
15%
Gibbons Cliquez sur le bon personnage
15%
Van Damme Cliquez sur le bon personnage
15%
Aucun quiz correspondant
Distribution des résultats
% des personnes avec chaque résultat
Percentile par nombre de réponses
Votre historique - résultats
Vous n’avez pas pris ce quiz